| 000 | nam a22 7a 4500 | ||
|---|---|---|---|
| 999 |
_c28648 _d28648 |
||
| 008 | 170310b xxu||||| |||| 00| 0 eng d | ||
| 020 | _a0618146482 | ||
| 050 | _aPN 59 .L58 2002 | ||
| 100 |
_aLittel,McDougal. _d2002 |
||
| 245 |
_aLiterary analysis transparencies: _bthe language of literature grade six. |
||
| 260 |
_aBoston: _bMcDougal littel, _c2002. |
||
| 300 | _av,37.p | ||
| 942 |
_2lcc _cBOOKS _hPN 59 .L58 2002 |
||